Normal view
MARC view
Entry Topical Term
001 - CONTROL NUMBER
- control field: 43384
003 - CONTROL NUMBER IDENTIFIER
- control field: ARRUPE
005 - DATE AND TIME OF LATEST TRANSACTION
- control field: 20181113094359.0
008 - FIXED-LENGTH DATA ELEMENTS
- fixed length control field: 181113|| aca||aabn | a|a d
040 ## - CATALOGING SOURCE
- Original cataloging agency: ARRUPE
- Transcribing agency: ARRUPE
150 ## - HEADING--TOPICAL TERM
- Topical term or geographic name as entry element:
- Topical term following geographic name as entry element: Bible old testament - theology
670 ## - SOURCE DATA FOUND
- Source citation: Work cat.: (ARRUPE)96247: Aluko, T. M 43223, His worshipful majesty